000 00526nam a22001577a 4500
003 OSt
005 20200208162634.0
008 200208b xxu||||| |||| 00| 0 eng d
040 _cmacl
100 _aशर्मा महेश
_978091
245 _aस्वच्छ भारत सशक्त भारत
260 _aनई दिल्ली
_bग्रंथ अकादमी
_c2016
600 _aमहेश शर्मा
_978092
650 _aसमाजशास्त्र
_933702
942 _2ddc
_cHIN
999 _c61991
_d61991